000 00505nam a2200157Ia 4500
001 6617
008 260622s9999 xx 000 0 und d
020 _a9789776284012
245 0 _aCafé de Marrakech/ Muniam AlFaker =
_bمقهى مراكش: رواية/ منعم الفقير
260 _aالقاهرة؛
_bشمس للنشر و التوزيع؛
_c2008
300 _a310p;
_c24x16cm
546 _aArabic
650 _aPJ7501-8517 Arabic literature
655 _aFiction رواية
_99458
942 _cBK
999 _c6617
_d6617